000 00694nam a22002177a 4500
005 20251108165828.0
008 250721s1994 xx 000 0 ara d
082 1 4 _aط/216.22/عقا
100 1 _aالعقاد، حسام
245 1 0 _aالتخويف من ترك الصلاة :
_bالجائزة الكبري /
264 1 _aطنطا :
_bدارالصحابة للتراث،
_c1994.
300 _a43ص.
490 0 _aالفقه الاسلامي للاطفال،1
650 1 7 _aالإسلام
650 1 7 _aالفقه الإسلامي
650 1 7 _aالعبادة
650 1 7 _aالصلوات
653 _aناشئون صغار (10- 14 سنة )
942 _2ddc
_cBK
999 _c32358
_d32358